| 000 | 01376cam a22003375a 4500 | ||
|---|---|---|---|
| 001 | 016270686 | ||
| 003 | OSt | ||
| 005 | 20160229113247.0 | ||
| 008 | 130125s2013 enk fr 000 0 eng d | ||
| 020 | _a9781780765402 (pbk.) | ||
| 040 |
_aStDuBDS _beng _cStDuBDS _dWlAbNL _dUk _dEG-ScBUE |
||
| 041 | 1 |
_aeng _hara _hfre |
|
| 043 | _ama----- | ||
| 082 | 0 | 4 |
_a323.04409174927 _bWRI _222 |
| 245 | 0 | 0 |
_aWriting revolution : _bthe voices from Tunis to Damascus / _cedited by Layla Al-Zubaidi, Matthew Cassel and Nemonie Craven Roderick ; translated by Robin Moger, Georgina Collins ; with an introduction by Samar Yazbek. |
| 260 |
_aLondon ; _aNew York : _bI.B. Tauris & Co. Ltd., _c2013. |
||
| 300 |
_axvi, 208 p. ; _c22 cm. |
||
| 546 | _aText in English ; translated from original Arabic and French. | ||
| 650 | 0 |
_aArab Spring, 2010- _vPersonal narratives. _2BUEsh |
|
| 650 | 0 |
_aRevolutionary literature. _2BUEsh |
|
| 650 | 0 |
_aProtest literature. _2BUEsh |
|
| 651 | _2BUEsh | ||
| 653 |
_bBUSBOL _cJune2015 _cJuly2015 _cFebruary2016 |
||
| 700 | 1 |
_aAl-Zubaidi, Layla, _eeditor. |
|
| 700 | 1 |
_aCassel, Matthew _q(Matthew E.), _eeditor. |
|
| 700 | 1 |
_aRoderick, Nemonie Craven, _eeditor. |
|
| 700 | 1 |
_aMoger, Robin, _etranslator. _924479 |
|
| 700 | 1 |
_aCollins, Georgina, _etranslator. |
|
| 700 | 1 |
_aYazbek, Samar, _tauthor of introduction, etc. |
|
| 942 |
_2ddc _k323.04409174927 WRI |
||
| 999 |
_c20002 _d19974 |
||